000
00307nam a2200109Ia 4500
008
171211s9999 xx 000 0 und d
245
_a
Jeff Galloway - Your Personal Running Journal
245
_c
Jeff Galloway
260
_c
2011
650
_x
FITNESS
856
_u
http://down.ebook777.com/064/1841263400.pdf
999
_c
349014
_d
349014